000
00347nam a2200133Ia 4500
008
231129s2010||||xx |||||||||||||| ||spa||
020
_a
978-958-30-3369-8
040
_b
spa
082
_a
612.62 S518
245
0
_a
Sexo para descubrir a las chicas
260
_c
2010
264
_a
Panamericana
942
_2
ddc
_c
BKS
999
_c
24525
_d
24525